000
00334nam a22001457a 4500
003
OSt
005
20220223104650.0
008
220223b |||||||| |||| 00| 0 eng d
020
_a
139780072435801
040
_c
HU
082
_a
692.5
100
_a
Peurifoy
_9
31258
245
_a
Estimating Construction Costs
942
_2
ddc
_c
BOOKS
_n
0
999
_c
31331
_d
31331